[Event "Llinars del Valles op 4th"]
[Site "Llinars del Valles"]
[Date "2024.07.03"]
[Round "9"]
[White "Capdevila Morell, Josep A"]
[Black "Navajas Alvarez, Antoni"]
[Result "0-1"]
[WhiteElo "1855"]
[BlackElo "1966"]
[PlyCount "49"]
[EventDate "2024.06.25"]
[EventType "swiss"]
[EventRounds "9"]
[EventCountry "ESP"]
[SourceTitle "CBM 221 Extra"]
[Source "ChessBase"]
[SourceDate "2024.09.30"]
[SourceVersion "1"]
[SourceVersionDate "2024.09.30"]
[SourceQuality "1"]

1. e4 c5 2. Nf3 d6 3. d4 cxd4 4. Nxd4 Nf6 5. Nc3 a6 6. Be2 e5 7. Nb3 Be7 8. Bg5 Be6 9. 0-0 Nbd7 10. Kh1 0-0 11. Be3 b5 12. a3 Nb6 13. Bxb6 Qxb6 14. Bf3 Rac8 15. Qe2 Bc4 16. Qd2 Bxf1 17. Rxf1 a5 18. Ne2 b4 19. Ng3 a4 20. Nc1 bxa3 21. bxa3 g6 22. Nd3 Qd4 23. Qb4 Qxb4 24. Nxb4 Rfe8 25. Rd1 0-1

[Event "Llinars del Valles op 4th"]
[Site "Llinars del Valles"]
[Date "2024.06.25"]
[Round "1"]
[White "Navajas Alvarez, Antoni"]
[Black "Anfruns Garcia, Salvador"]
[Result "1-0"]
[WhiteElo "1966"]
[BlackElo "1658"]
[PlyCount "49"]
[EventDate "2024.06.25"]
[EventType "swiss"]
[EventRounds "9"]
[EventCountry "ESP"]
[SourceTitle "CBM 221 Extra"]
[Source "ChessBase"]
[SourceDate "2024.09.30"]
[SourceVersion "1"]
[SourceVersionDate "2024.09.30"]
[SourceQuality "1"]

1. e4 e5 2. Nf3 Nf6 3. d4 Nxe4 4. Bd3 d5 5. Nxe5 Bd6 6. 0-0 0-0 7. Nc3 Nxc3 8. bxc3 Nd7 9. Nxd7 Bxd7 10. Qh5 f5 11. Qf3 c6 12. Bf4 Qc7 13. Bxd6 Qxd6 14. Rab1 b5 15. Rfe1 Rae8 16. h3 Qf6 17. Qf4 a5 18. Qc7 Qd8 19. Qf4 Qf6 20. Re5 g5 21. Qg3 f4 22. Qxg5+ Qxg5 23. Rxg5+ Kh8 24. Rh5 Re7 25. Kf1 1-0

[Event "Girona-ch"]
[Site "Conjunt de Castell d'Aro"]
[Date "2023.10.22"]
[Round "5"]
[White "Navajas Alvarez, Antoni"]
[Black "Mallorqui Llop, Marc"]
[Result "1-0"]
[WhiteElo "1908"]
[BlackElo "1804"]
[PlyCount "65"]
[EventDate "2023.09.24"]
[EventType "swiss"]
[EventRounds "8"]
[EventCountry "ESP"]
[SourceTitle "EXT 2025"]
[Source "ChessBase"]
[SourceDate "2024.10.14"]
[SourceVersion "1"]
[SourceVersionDate "2024.10.14"]
[SourceQuality "1"]

1. e4 e5 2. Nf3 Nf6 3. d4 Nxe4 4. Bd3 d5 5. Nxe5 Nd7 6. Nxd7 Bxd7 7. 0-0 Bd6 8. Nc3 Nxc3 9. bxc3 0-0 10. Qh5 f5 11. Bg5 Qe8 12. Qf3 c6 13. Bf4 Qb8 14. Bxd6 Qxd6 15. Rab1 b6 16. Rfe1 Rf6 17. Re5 Raf8 18. c4 dxc4 19. Bxc4+ Kh8 20. c3 Rg6 21. Rbe1 f4 22. h3 c5 23. dxc5 Qf6 24. Bd3 Rg5 25. Re7 Qxc3 26. h4 Rg4 27. Qe4 Rxh4 28. Rxd7 f3 29. Qe7 Rhf4 30. Rd8 Kg8 31. Rxf8+ Rxf8 32. Qe3 Kh8 33. Qe4 1-0

[Event "Girona-ch"]
[Site "Conjunt de Castell d'Aro"]
[Date "2023.10.08"]
[Round "3"]
[White "Carrasco Holgado, David"]
[Black "Navajas Alvarez, Antoni"]
[Result "1-0"]
[WhiteElo "2141"]
[BlackElo "1908"]
[PlyCount "77"]
[EventDate "2023.09.24"]
[EventType "swiss"]
[EventRounds "8"]
[EventCountry "ESP"]
[SourceTitle "EXT 2025"]
[Source "ChessBase"]
[SourceDate "2024.10.14"]
[SourceVersion "1"]
[SourceVersionDate "2024.10.14"]
[SourceQuality "1"]

1. e4 c5 2. c3 d5 3. exd5 Qxd5 4. d4 Nf6 5. Nf3 e6 6. Na3 Nc6 7. Nb5 Qd8 8. dxc5 Bxc5 9. Qxd8+ Kxd8 10. Bf4 Ne4 11. Rd1+ Ke7 12. Nbd4 Nxd4 13. Nxd4 Rd8 14. Bd3 Nf6 15. Nb3 Bb6 16. c4 Nh5 17. Be5 a5 18. c5 a4 19. cxb6 axb3 20. axb3 Rd5 21. Bc7 Bd7 22. 0-0 Bc6 23. f4 Nf6 24. f5 e5 25. Bc4 Rxd1 26. Rxd1 Nd7 27. Re1 f6 28. b4 Ra4 29. Rd1 Ra8 30. b5 Be4 31. Rd2 Bxf5 32. Bd5 Ra1+ 33. Kf2 Nc5 34. Re2 Nd3+ 35. Ke3 Nf4 36. Bxb7 Nxe2 37. Kxe2 Kd7 38. Bc6+ Kc8 39. Bd6 1-0

[Event "Sant Andreu Tram-D"]
[Site "Barcelona"]
[Date "2019.11.09"]
[Round "7.3"]
[White "Navajas Alvarez, Antoni"]
[Black "Burriel Beltran, Alex"]
[Result "0-1"]
[WhiteElo "1512"]
[BlackElo "1419"]
[PlyCount "66"]
[EventDate "2019.09.14"]
[EventType "tourn"]
[EventRounds "9"]
[EventCountry "ESP"]
[SourceTitle "EXT 2024"]
[Source "ChessBase"]
[SourceDate "2023.10.10"]
[SourceVersion "1"]
[SourceVersionDate "2023.10.10"]
[SourceQuality "1"]

1. Nf3 d5 2. d4 Nf6 3. g3 e6 4. Bg2 Be7 5. 0-0 0-0 6. c4 c6 7. Nc3 Nbd7 8. b3 Nb6 9. c5 Nbd7 10. b4 b6 11. Rb1 Bb7 12. a4 a6 13. Qc2 Re8 14. cxb6 Nxb6 15. Ne5 Nfd7 16. f4 Nxe5 17. fxe5 Nc4 18. Nd1 Bg5 19. Qd3 Bxc1 20. Rxc1 Qb6 21. Rxc4 dxc4 22. Qxc4 Red8 23. e3 a5 24. bxa5 Rxa5 25. Qc2 c5 26. Bxb7 Qxb7 27. Qc3 Qb6 28. Nb2 cxd4 29. Qc2 dxe3 30. Nc4 Qd4 31. Nxa5 e2+ 32. Kg2 exf1Q+ 33. Kxf1 Qd1+ 0-1

[Event "Sant Andreu Tram-D"]
[Site "Barcelona"]
[Date "2019.10.19"]
[Round "5.4"]
[White "Navajas Alvarez, Antoni"]
[Black "Chiva Perez, Jordi"]
[Result "1/2-1/2"]
[WhiteElo "1512"]
[BlackElo "1182"]
[PlyCount "84"]
[EventDate "2019.09.14"]
[EventType "tourn"]
[EventRounds "9"]
[EventCountry "ESP"]
[SourceTitle "EXT 2024"]
[Source "ChessBase"]
[SourceDate "2023.10.10"]
[SourceVersion "1"]
[SourceVersionDate "2023.10.10"]
[SourceQuality "1"]

1. d4 Nf6 2. Nf3 g6 3. g3 Bg7 4. Bg2 0-0 5. 0-0 d6 6. c4 Nbd7 7. Nc3 Re8 8. b3 h6 9. Bb2 c5 10. e3 e6 11. Nb5 d5 12. cxd5 Nxd5 13. Nd6 Rf8 14. Qc2 Qb6 15. Nc4 Qd8 16. dxc5 Nxc5 17. Bxg7 Kxg7 18. Nce5 b6 19. Nd4 Qd6 20. Nc4 Qd7 21. Rfd1 Qe7 22. e4 Nc7 23. e5 Bb7 24. Bxb7 Nxb7 25. Nc6 Qe8 26. Nd6 Nxd6 27. Rxd6 Nd5 28. Nd4 Rc8 29. Qd2 Qe7 30. Rc1 Qb7 31. Rdc6 Rxc6 32. Rxc6 Rc8 33. Rxc8 Qxc8 34. Qc2 Qxc2 35. Nxc2 Nc3 36. a3 g5 37. Nb4 Kg6 38. g4 Nb5 39. Nc6 Nxa3 40. Nxa7 Nc2 41. Nc6 Ne1 42. Kf1 Nd3 1/2-1/2

[Event "Roncana op-B 12th"]
[Site "Santa Eulalia de Roncana"]
[Date "2018.11.17"]
[Round "7"]
[White "Navajas Alvarez, Antoni"]
[Black "Garcia Torres, Adolfo"]
[Result "1/2-1/2"]
[WhiteElo "1326"]
[BlackElo "1491"]
[PlyCount "93"]
[EventDate "2018.09.29"]
[EventType "swiss"]
[EventRounds "8"]
[EventCountry "ESP"]
[SourceTitle "EXT 2022"]
[Source "ChessBase"]
[SourceDate "2021.10.06"]
[SourceVersion "1"]
[SourceVersionDate "2021.10.06"]
[SourceQuality "1"]

1. e4 e5 2. Nf3 Nf6 3. Nxe5 d6 4. Nf3 Nxe4 5. Nc3 Nxc3 6. dxc3 Be7 7. Bd3 Bg4 8. Be3 Nd7 9. Qd2 Bxf3 10. gxf3 Ne5 11. Be2 Qd7 12. 0-0-0 Qa4 13. Kb1 0-0-0 14. f4 Nd7 15. Bf3 Nf6 16. Rhe1 Rhe8 17. Bd4 Kb8 18. Re2 c5 19. Bxf6 Bxf6 20. Rxe8 Qxe8 21. Re1 Qd7 22. Qd5 Qc7 23. Kc1 a6 24. a3 Rd7 25. Bg2 Bh4 26. Re8+ Ka7 27. Qd2 Re7 28. Rxe7 Qxe7 29. Qe3 Qxe3+ 30. fxe3 f5 31. Bd5 h6 32. Be6 g6 33. Bf7 g5 34. fxg5 Bxg5 35. Kd2 f4 36. exf4 Bxf4+ 37. Kd3 Bxh2 38. Ke4 Kb8 39. c4 a5 40. a4 Kc7 41. b3 Kd7 42. Bd5 b6 43. Bf7 Ke7 44. Bh5 Kd8 45. Kd5 Kc7 46. Bg4 Be5 47. Bh5 1/2-1/2

[Event "Roncana op-B 10th"]
[Site "Santa Eulalia de Roncana"]
[Date "2016.10.08"]
[Round "3"]
[White "Navajas Alvarez, Antoni"]
[Black "Herrera Grande, Placid"]
[Result "1-0"]
[WhiteElo "1341"]
[BlackElo "1695"]
[PlyCount "101"]
[EventDate "2016.09.24"]
[EventType "swiss"]
[EventRounds "8"]
[EventCountry "ESP"]
[SourceTitle "EXT 2018"]
[Source "ChessBase"]
[SourceDate "2017.10.13"]
[SourceVersion "1"]
[SourceVersionDate "2017.10.13"]
[SourceQuality "1"]

1. e4 e5 2. f4 d6 3. Nf3 Nc6 4. Nc3 Nf6 5. Bb5 a6 6. Bxc6+ bxc6 7. fxe5 Ng4 8. exd6 cxd6 9. 0-0 Qb6+ 10. d4 Be7 11. h3 Ne5 12. Kh1 Nd7 13. Re1 0-0 14. Qd3 Nf6 15. b3 Nh5 16. Be3 Qb8 17. d5 c5 18. Rad1 Bd7 19. Bd2 Qc8 20. Kh2 h6 21. Rc1 Rb8 22. Qc4 Rb4 23. Qd3 f5 24. e5 dxe5 25. Rxe5 Bd6 26. g3 Bxe5 27. Nxe5 Rd4 28. Qe2 Qe8 29. Nxd7 Qxd7 30. Bxh6 Re8 31. Qxh5 gxh6 32. Qxh6 Qh7 33. Qxh7+ Kxh7 34. Rf1 Rd2+ 35. Kg1 Re3 36. Nd1 Rxg3+ 37. Kh1 Rxd5 38. Nf2 f4 39. Kh2 Re5 40. Nd3 Re2+ 41. Rf2 Ree3 42. Nxf4 Rg7 43. Rg2 Rd7 44. Re2 Rc3 45. Ne6 Re7 46. Nf8+ Kh6 47. Rxe7 Rxc2+ 48. Kg3 Rxa2 49. Kg4 Rg2+ 50. Kh4 Rg8 51. Rh7# 1-0

[Event "Roncana op-B 10th"]
[Site "Santa Eulalia de Roncana"]
[Date "2016.09.24"]
[Round "1"]
[White "Navajas Alvarez, Antoni"]
[Black "Molina Barbancho, Serafin"]
[Result "1/2-1/2"]
[WhiteElo "1341"]
[BlackElo "1635"]
[PlyCount "64"]
[EventDate "2016.09.24"]
[EventType "swiss"]
[EventRounds "8"]
[EventCountry "ESP"]
[SourceTitle "EXT 2018"]
[Source "ChessBase"]
[SourceDate "2017.10.13"]
[SourceVersion "1"]
[SourceVersionDate "2017.10.13"]
[SourceQuality "1"]

1. e4 e5 2. Nc3 c6 3. f4 Bb4 4. Nf3 Bxc3 5. bxc3 exf4 6. d4 Qa5 7. Qd3 d6 8. Bxf4 Qc7 9. Be2 Ne7 10. 0-0 Ng6 11. Be3 0-0 12. Rad1 Bg4 13. h3 Bxf3 14. Bxf3 Nd7 15. c4 h5 16. Rfe1 Rfe8 17. d5 c5 18. Qc3 Nde5 19. Bd2 Qd8 20. Bxh5 Qh4 21. Bxg6 Nxg6 22. Qe3 Ne5 23. Qe2 b6 24. Bc3 Ng6 25. Qe3 Re7 26. Re2 Rae8 27. Rde1 Qf4 28. Qxf4 Nxf4 29. Rf2 Ng6 30. g3 f6 31. Ra1 Rb7 32. a4 Reb8 1/2-1/2

[Event "Roncana op-C 8th"]
[Site "Santa Eulalia de Roncana"]
[Date "2014.11.08"]
[Round "4"]
[White "Navajas Alvarez, Antoni"]
[Black "Moron Munoz, Axel Andres"]
[Result "1-0"]
[WhiteElo "1700"]
[BlackElo "1726"]
[PlyCount "103"]
[EventDate "2014.10.11"]
[EventType "swiss"]
[EventRounds "8"]
[EventCountry "ESP"]
[SourceTitle "EXT 2016"]
[Source "ChessBase"]
[SourceDate "2015.10.08"]
[SourceVersion "1"]
[SourceVersionDate "2015.10.08"]
[SourceQuality "1"]

1. e4 e5 2. f4 Nc6 3. fxe5 Nxe5 4. Nc3 Bc5 5. d4 Qe7 6. dxe5 Qxe5 7. Nf3 Qe6 8. Bd3 Nf6 9. Qe2 c6 10. Be3 Bb6 11. Bxb6 axb6 12. 0-0 d5 13. exd5 cxd5 14. Qxe6+ Bxe6 15. Rae1 0-0 16. a4 Rad8 17. b4 d4 18. Nb5 Rd5 19. Nbxd4 Rh5 20. Nxe6 fxe6 21. Rxe6 Nd7 22. Bc4 g6 23. Re7+ Kh8 24. Rxd7 Rhf5 25. Nd4 b5 26. Rxf5 gxf5 27. Bxb5 h5 28. a5 h4 29. a6 bxa6 30. Bxa6 f4 31. b5 h3 32. gxh3 Rg8+ 33. Kh1 Re8 34. Nf3 Re3 35. Rd8+ Kg7 36. b6 Rxf3 37. b7 Rf1+ 38. Kg2 Rb1 39. b8Q Rxb8 40. Rxb8 Kf6 41. Rb5 Ke6 42. Bc8+ Kd6 43. Kf3 Kc7 44. Kxf4 Kxc8 45. Rh5 Kd8 46. Rh7 Ke8 47. Kf5 Kf8 48. Ke6 Kg8 49. Ra7 Kh8 50. Kf6 Kg8 51. Rb7 Kf8 52. Rb8# 1-0